| 000 | 00911nam a2200265 a 4500 | ||
|---|---|---|---|
| 001 | 676 | ||
| 003 | BR-CuiBMT | ||
| 005 | 20231113191650.0 | ||
| 008 | 231113s2002 spb 001 0 por d | ||
| 020 | _a8574204463 | ||
| 040 |
_aBR-CuiBMT _cBR-CuiBMT |
||
| 080 |
_22007 _a342 |
||
| 090 |
_a342 _bS586c _c21. ed. |
||
| 100 | 1 | _aSilva, José Afonso da | |
| 245 | 1 | 0 |
_aCurso de direito constitucional positivo / _cJosé Afonso da Silva |
| 250 | _a21. ed., rev. e atual. | ||
| 260 |
_aSão Paulo : _bMalheiros, _c2002. |
||
| 300 |
_a878 p. ; _c21 cm |
||
| 500 | _a"Edição, revista e atualizada nos termos da Reforma Constitucional (até a Emenda Constitucional n. 38, de 12.06.2002)." | ||
| 504 | _aInclui bibliografia e índice. | ||
| 650 |
_aDireito constitucional _zBrasil |
||
| 650 |
_aDireitos econômicos e sociais _zBrasil |
||
| 650 |
_aDireitos e garantias constitucionais _zBrasil |
||
| 942 |
_2udc _cLV |
||
| 999 |
_c676 _d676 |
||